000 00359nam a2200145Ia 4500
008 230917s9999||||xx |||||||||||||| ||und||
040 _e125227
_aMAIN
041 _aEnglish
082 _a823.09 C652J
100 _aCoetzee, J.M.
245 0 _aCritical prespectives
260 _aNew Delhi
_bPencraft International
_c2008
300 _a280P p.
942 _cBK
999 _c132856
_d132856